Southville International School and Colleges
Your cart is empty.
  • Cart
  • Lists
    Public lists Eva Luna New books Lux_list list_1
    Your lists Log in to create your own lists
  • Log in to your account
  • Your cookies
  • Search history
Southville International School and Colleges
  • Advanced search
  • Recent comments
  • Most popular
  • Libraries

Log in to your account

Log in with GOOGLE


If you do not have an external account, but do have a local account, you can still log in:

  1. Home
  2. MARC view: Gumdrop to the rescue /
Normal view MARC view ISBD view

Gumdrop to the rescue / (Record no. 102105)

[ view plain ]
MARC details
000 -LEADER
fixed length control field 00697nam a2200193 a 4500
005 - DATE AND TIME OF LATEST TRANSACTION
control field 20140412111228.0
008 - FIXED-LENGTH DATA ELEMENTS--GENERAL INFORMATION
fixed length control field 020311s19uu xx 00 eng d
020 ## - INTERNATIONAL STANDARD BOOK NUMBER
International Standard Book Number 0-14-050805-8
050 ## - LIBRARY OF CONGRESS CALL NUMBER
Classification number ER
Item number Gu93 1990
100 ## - MAIN ENTRY--PERSONAL NAME
Personal name Biro, Val
245 ## - TITLE STATEMENT
Title Gumdrop to the rescue /
Statement of responsibility, etc story and pictures by Val Biro.
260 ## - PUBLICATION, DISTRIBUTION, ETC. (IMPRINT)
Place of publication, distribution, etc London :
Name of publisher, distributor, etc Puffin Books,
Date of publication, distribution, etc 1986.
300 ## - PHYSICAL DESCRIPTION
Extent 1 v. (unp.) ; ill.
440 ## - SERIES STATEMENT/ADDED ENTRY--TITLE
Title Picture Puffins
520 ## - SUMMARY, ETC.
Summary, etc Gumdrop, the best loved motor car in the world, celebrates his 60th birthday by travelling down to the Historic Motor Show at Beaulieu. On the way, the vintage AA motorbike is stolen.
650 ## - SUBJECT ADDED ENTRY--TOPICAL TERM
Topical term or geographic name as entry element Car
General subdivision Fiction
650 ## - SUBJECT ADDED ENTRY--TOPICAL TERM
Topical term or geographic name as entry element Children stories
Holdings
Withdrawn status Lost status Damaged status Use restrictions Home library Current library Shelving location Date acquired Source of acquisition Total Checkouts Full call number Barcode Date last seen Price effective from Koha item type
        Elizalde Library Elizalde Library Easy Reading Section 03/11/2002     ER Gu93 1990 E0524 04/12/2014 04/12/2014 Books

Gumdrop to the rescue /

APA

Biro V., . (1986). Gumdrop to the rescue. London: Puffin Books.

Chicago

Biro Val, . 1986. Gumdrop to the rescue. London: Puffin Books.

Harvard

Biro V., . (1986). Gumdrop to the rescue. London: Puffin Books.

MLA

Biro Val, . Gumdrop to the rescue. London: Puffin Books. 1986.

  • Place hold
  • Print
  • Cite
  • Add to your cart (remove)
  • Save record
    BIBTEX Dublin Core MARCXML MARC (non-Unicode/MARC-8) MARC (Unicode/UTF-8) MARC (Unicode/UTF-8, Standard) MODS (XML) RIS
  • More searches
    Search for this title in:
    Other Libraries (WorldCat) Other Databases (Google Scholar) Online Stores (Bookfinder.com) Open Library (openlibrary.org)

Exporting to Dublin Core...

SOUTHVILLE LIBRARY

Southville International School and Colleges Library

1281 Tropical Ave. Cor. Luxembourg St., BF Homes International, Las Pinas City

Tel. No. 8256374 / 252358 Loc. 117/146

Powered by Koha